000 005800000a22001810004500
003 MACL
005 20160120163712.0
008 160120b xxu||||| |||| 00| 0 eng d
040 _aMACL
_cMACL
041 _aHindi
082 _a355.007
100 _aश्रीमती दविन्‍दर कौर
_933595
245 _aसैनिक स्‍कूल
260 _bब्राईट कैरियर्स इंस्‍टीटयूट
_c2003
_aदिल्‍ली
350 _a125
650 _aMilitary School
_933750
942 _cHIN
_k355.007 /KOR
_2ddc
999 _c30782
_d30782